Solvent-free polymerizations and processes : Minimization of conventional organic solvents
Uloženo v:
| Hlavní autor: | |
|---|---|
| Médium: | Kniha |
| Jazyk: | Undetermined |
| Vydáno: |
Washington, DC
American Chemical Society
1998
|
| Témata: | |
| Tagy: |
Přidat tag
Žádné tagy, Buďte první, kdo otaguje tento záznam!
|
| Thư viện lưu trữ: | Trung tâm Học liệu Trường Đại học Cần Thơ |
|---|
| LEADER | 00623nam a2200205Ia 4500 | ||
|---|---|---|---|
| 001 | CTU_65535 | ||
| 008 | 210402s9999 xx 000 0 und d | ||
| 020 | |b 1840000 | ||
| 082 | |a 547.28 | ||
| 082 | |b L848 | ||
| 100 | |a Long, Timothy E | ||
| 245 | 0 | |a Solvent-free polymerizations and processes : | |
| 245 | 0 | |b Minimization of conventional organic solvents | |
| 245 | 0 | |c Timothy E Long, Michael O. Hunt | |
| 260 | |a Washington, DC | ||
| 260 | |b American Chemical Society | ||
| 260 | |c 1998 | ||
| 650 | |a Polymerization,Organic solvents | ||
| 904 | |i TUYẾN | ||
| 980 | |a Trung tâm Học liệu Trường Đại học Cần Thơ | ||